ბათუმის შოთა რუსთაველის სახელმწიფო უნივერსიტეტის ბიბლიოთეკა

როგორ, ხატიჯე, სოფლის საამო საღამოები (ბიბ.ჩანაწერი № 42171)

000 -LEADER
fixed length control field 00894nam a2200229Ia 4500
001 - CONTROL NUMBER
control field 8864
003 - CONTROL NUMBER IDENTIFIER
control field GE_BSU
008 - FIXED-LENGTH DATA ELEMENTS--GENERAL INFORMATION
fixed length control field 181216s||||||||xx |||||||||||||| ||und||
040 ## - CATALOGING SOURCE
Transcribing agency GE_BSU
080 ## - UNIVERSAL DECIMAL CLASSIFICATION NUMBER
Universal Decimal Classification number 821.353.1-2+821.353.1-22
100 ## - MAIN ENTRY--PERSONAL NAME
Personal name კალაძე,კარლო
245 ## - TITLE STATEMENT
Title როგორ, ხატიჯე, სოფლის საამო საღამოები
245 ## - TITLE STATEMENT
Remainder of title პიესები. კომედია
245 ## - TITLE STATEMENT
Statement of responsibility, etc. რედ. კ.ბობოხიძე. მხატვ. გ. კალაძე
260 ## - PUBLICATION, DISTRIBUTION, ETC.
Place of publication, distribution, etc. თბილისი
260 ## - PUBLICATION, DISTRIBUTION, ETC.
Name of publisher, distributor, etc. საბჭოთა საქართველო
260 ## - PUBLICATION, DISTRIBUTION, ETC.
Date of publication, distribution, etc. 1964
300 ## - PHYSICAL DESCRIPTION
Extent 189გვ.20სმ.
653 ## - INDEX TERM--UNCONTROLLED
Uncontrolled term პიესები. კომედია
653 ## - INDEX TERM--UNCONTROLLED
Uncontrolled term როგორ, ხატიჯე, სოფლის საამო საღამოები
942 ## - ADDED ENTRY ELEMENTS (KOHA)
Koha item type წიგნი
ეგზემპლარები
Withdrawn status Lost status Damaged status Not for loan Date acquired Barcode Date last seen Price effective from Koha item type
        2018-12-17 31369 2018-12-17 2018-12-17 წიგნი